Guess the Green Day song by Lyrics #1 - Statistics

General Stats
  • This quiz has been taken 349 times
  • The average score is 10 of 24
Answer Stats
Lyric Song % Correct
"She waits for the time, to smash the silence with the brick of self control" She
79%
"I'm feeling like a dog in heat, barred indoors from the summer street" Longview
71%
"Your faith walks on broken glass, and the hangover doesn't pass" 21 Guns
68%
"I'm the patron saint of denial" St. Jimmy
68%
"I'm not growing up, I'm just burning down" Burnout
64%
"Is she trouble like I'm trouble?" She's a Rebel
62%
"I haven't drank or smoked nothing in over 22 days" Homecoming
59%
"She said I can take this town, I'm leaving you tonight" Letterbomb
56%
"I've found out what it takes to be a man, well Mom and Dad will never understand" Coming Clean
54%
"Glory days don't mean shit to me, I drank a six-pack of apathy" The Grouch
42%
"I'm too tired to be bored, I'm too bored to be tired" Lazy Bones
37%
"Reminds me of the times we shared, makes me wish that you were here" Scattered
37%
"Good luck, you're gonna need it where I'm going if I get there at all" Waiting
35%
"She's my weakness, fucking genius" Youngblood
35%
"You're really testing my patience again, and I'd rather get punched in the face" Let Yourself Go
32%
"Promise me no dead end streets, and I'll guarantee we'll have the road"" Worry Rock
30%
"Rebel red is the color of panic" American Eulogy
28%
"Blacked out the rear-view mirror, heading westward on" Westbound Sign
27%
"You and I together, hand-in-hand we run away" Going to Pasalacqua
23%
"You fell in love, but then you just fell apart" X-Kid
21%
"You're mommy's light nightmare, driving Daddy's car around" Stuart and the Ave
19%
"I'm riding on the night train and driving stolen cars" Castaway
18%
"Rock and roll tragedy, I think the next one could be me" Junkies on a High
15%
"I stop to wander if you're all alone, or is your boyfriend there?" Private Ale
15%
No matching quizzes found
Score Distribution
Percent of People with Each Score
Percentile by Number Answered
Your Score History
You have not taken this quiz